000 00837nam a22002657a 4500
999 _c13391
_d13391
003 MIRAKIL
005 20211214000615.0
008 190708b tu ||||| |||| 00| 0 tur d
020 _a9753431554
040 _aTR-AnCHP
_cTR-AnCHP
041 _atur
082 _aATA 956.1024
_bB66a 1997
100 _aBorak, Sadi
245 1 0 _aAtatürk'ün resmi yayınlara girmemiş söylev, demeç, yazışma ve söyleşiler /
_cSadi Borak.
250 _a2.bs.
260 _aİstanbul:
_bKaynak Yayınları,
_c1997.
300 _a448 s.:
_c20 sm.
490 0 _aKaynak Yayınları;
_v208.
504 _aKaynakça ve dizin vardır.
600 1 4 _91465
_aAtatürk, Gazi Mustafa Kemal
_d1881-1938
_xSöylev ve demeçleri
650 0 _aSiyaset ve yönetim
_xTürkiye
_yAtatürk dönemi
_99
942 _2ddc
_cBKS
999 _d13391
999 _d13391